LEADER 01213nam a2200241 4500 001 000000343382 003 CaOOAMICUS 005 20210114111002.0 008 201214s2019 it d 000 u ita r 020 $a978-88-944102-0-4 040 $aSeMil$bita 245 00$a2: Dopo l'Unità Nazionale /$cRoberto Regoli, Maurizio Tagliaferri (edd.) 264 1$aRoma :$bAssociazione italiana dei professori di storia della Chiesa,$c2019. 300 $aVIII, 528 p. ;$c24 cm 700 1 $aTagliaferri, Maurizio.$0(OLS)http://semarc/name/8496 700 1 $aRegoli, Roberto,$d<1975- >.$0(OLS)http://semarc/name/59531 773 0 $aLovison, Filippo Maria $tDizionario storico tematico La Chiesa in Italia.$dRoma : Associazione italiana dei professori di storia della Chiesa, 2019.$g2$w()343320 850 $aSeMil 852 $aSeMil$W1$xVenegono$y1$mSL1.G IV 17$j223116$B234374$CSeMilBibl$Z2$F234374 $8I 996 $6020$a978-88-944102-0-4$9(OLS)http://semarc/number/291856 996 $6245$a2: Dopo l'Unità Nazionale$9(OLS)http://semarc/title/432343 996 $6264$aRoma :$bAssociazione italiana dei professori di storia della Chiesa$9(OLS)http://semarc/publisher/59419 LEADER 01294nam a2200289 i 4500 001 000000043434 003 CaOOAMICUS 005 20090814000000.0 008 090814s1969 it u000 u ita u 013 $a14604 040 $aSeMil$bita 100 1 $aMehta, Ved Parkash <1934- >.$0(OLS)http://semarc/name/21571 240 14$aThe new theologian.$0(OLS)http://semarc/title/63819 245 10$aTeologi senza Dio /$cVed Mehta ; edizione italiana a cura di Michele Ranchetti. 260 $aTorino :$bGiulio Einaudi,$c1969. 300 $a202 p. ;$c22 cm. 490 0 $aSaggi ;$v436 600 14$aBultmann, Rudolf <1884-1976>.$0(OLS)http://semarc/subject/4795 600 14$aRobinson, John Arthur Thomas <1919-1983>.$0(OLS)http://semarc/subject/9266 600 14$aBonhoeffer, Dietrich <1906-1945>.$0(OLS)http://semarc/subject/5655 600 14$aTillich, Paul <1886-1965>.$0(OLS)http://semarc/subject/9267 700 1 $aRanchetti, Michele,$d<1925- >.$0(OLS)http://semarc/name/4479 830 0$aSaggi ;$v436.$0(OLS)http://semarc/title/341 850 $aSeMil 852 $aSeMil$W1$xVenegono$y1$m2B II 269$j9589$B9589$CSeMilBibl$Z2$F9589 $81 996 $6245$aTeologi senza Dio$9(OLS)http://semarc/title/63818 996 $6260$aTorino :$bGiulio Einaudi$9(OLS)http://semarc/publisher/29810